000 01332nam a2200313 a 4500
001 BRCA_4936
005 20190320204852.0
008 211010s1823----mx-#######---#000-0#spa-#
041 _aspa
044 _amx
084 _aDOC25
_b.B73
_c1823
100 1 _aBravo, Nicolás,
_d1786-1854
_912408
245 1 0 _aDocumento dirigido a Don Nicolás Bravo.
_cNicolás Bravo
260 _aMéxico
_c1823
300 _a[2] fojas
_c30 x 21 cm.
500 _aDocumento firmado el 14 de mayo de 1823.
500 _aDocumento redactado por los diputados secretarios del Congreso dirigido a Don Nicolás Bravo, dándole las gracias por su disposición acerca del embarque de Iturbide.
500 _aEl documento contiene la leyenda DOC. #34.
500 _aPapel con marca de agua.
500 _aEstado de conservación: falta esquina inferior derecha y contiene anotaciones en tinta roja.
506 0 _aFondo Reservado. Para su consulta es necesario credencial de usuario y carta de motivos.
546 _aTexto en: español de principios del siglo XIX.
600 1 4 _aBravo, Nicolás
_d1786-1854
_xHistoria
_912409
650 1 4 _aExiliados
_zMéxico
_912450
651 4 _aMéxico
_xHistoria
_yPrimeros gobiernos independientes, 1821-1824
_912529
700 1 _aIturbide, Agustín de
_d1783-1824
_912530
902 _aFDH
942 _2lcc
_cD
999 _c4630
_d4630